| 000 | 02126nam a22004937a 4500 | ||
|---|---|---|---|
| 001 | 000039886 | ||
| 003 | CHAP | ||
| 005 | 20220329135559.0 | ||
| 008 | 971013s r 00010 d | ||
| 010 | _a38828 | ||
| 011 | _a39800 | ||
| 035 | _a43925 | ||
| 040 | _cCHAP | ||
| 082 |
_a330.946 _bI5 |
||
| 110 |
_aInstituto de Cultura Hispánica _959110 |
||
| 245 | 0 | _aEspaña. | |
| 260 |
_aMadrid : _bEl Institut, _c195-. |
||
| 300 |
_a8 v. en 9t. : _b; gráfs. |
||
| 490 | _aEstudios hispánicos de desarrollo económico | ||
| 500 | _aLa biblioteca tiene: v.1, v.2, v.3, v.4A, v.4B, v.5 | ||
| 505 | _aContenido: v.1 Esposición preliminar.- v.2 La agricultura y el crecimiento económico.- v.3 La vivienda y el crecimiento económico.- v.4A, Los transporte sy las comunicaciones y el crecimiento económico. Ferrocarriles.- v.4B Los transportes y las com | ||
| 590 |
_aBATCH-UPD _b10 _c20130110 _lUCH01 _h0157 |
||
| 590 |
_aBATCH-UPD _b10 _c20130110 _lUCH01 _h1827 |
||
| 590 |
_aBATCH-UPD _b10 _c20130409 _lUCH01 _h2200 |
||
| 590 |
_aBATCH-UPD _b10 _c20130410 _lUCH01 _h1200 |
||
| 590 |
_aBATCH-UPD _b10 _c20130914 _lUCH01 _h1022 |
||
| 590 |
_aCONVERSION _b10 _c20130109 _lUCH01 _h1322 |
||
| 590 |
_aE5995AHE _b05 _c20151002 _lUCH01 _h0839 |
||
| 650 | 1 | 4 |
_aAgricultura _xAspectos economicos _xEspana. _91241 |
| 650 | 1 | 4 |
_aComunicaciones _xEspaña. _926157 |
| 650 | 1 | 4 |
_aRecursos forestales _xEspaña. _995047 |
| 650 | 1 | 4 |
_aTransportes _xEspaña. _9114651 |
| 650 | 1 | 4 |
_zEspaña _xCondiciones económicas. _9124372 |
| 830 | 0 |
_aEstudios hispánicos de desarrollo económico _938547 |
|
| 901 | _aBK | ||
| 942 | _cLIBRO | ||
| 942 | _n0 | ||
| 949 |
_a330.946 I5 _bBC _cLIBRO _d33724000319158 _eLIBRO _fv.3 _h31868 _i43925 _si |
||
| 949 |
_a330.946 I5 _bBC _cLIBRO _d33724000319166 _eLIBRO _fv.4A _h31869 _i43925 _si |
||
| 949 |
_a330.946 I5 _bBC _cLIBRO _d33724000319174 _eLIBRO _fv.5 _h31027 _i43925 _si |
||
| 949 |
_a330.946 I5 _bBC _cLIBRO _d33724000319182 _eLIBRO _fv.2 _h31025 _i43925 _si |
||
| 949 |
_a330.946 I5 _bBC _cLIBRO _d33724000319190 _eLIBRO _fv.4B _h31026 _i43925 _si |
||
| 949 |
_a330.946 I5 _bBC _cLIBRO _d33724000319232 _eLIBRO _fv.1 _h31867 _i43925 _si |
||
| 999 |
_c38828 _d38828 |
||